School house rock! Earth [DVD/videorecording] / ... Read More
Available copies
- 4 of 4 copies available at LARL/NWRL Consortium. (Show)
- 1 of 1 copy available at Northwest Regional Library.
Current holds
0 current holds with 4 total copies.
Show Only Available Copies
| Location | Call Number / Copy Notes | Barcode | Shelving Location | Status | Due Date |
|---|---|---|---|---|---|
| Godel Memorial-Warren Library | DVD j 333.72 SCH (Text) | 35500004401038 | Main | Available | - |
Record details
- ISBN: 9781597532228
- ISBN: 0788890832
- ISBN: 9780788890833
- Physical Description: 1 videodisc (50 min.) : sd., col. ; 4 3/4 in.
- Publisher: Burbank, CA : Distributed by Walt Disney Studios Home Entertainment, 2009
Content descriptions
| General Note: | Title from container. Release date: Mar. 31, 2009. |
| Summary, etc.: | Featuring classic characters as Interplanet Jane ... Read More |
| System Details Note: | DVD, widescreen (1.66:1) presentation, Dolby ... Read More |
| Language Note: | English or French dialog; subtitles for the deaf ... Read More |
Search for related items by subject
| Subject: | Environmentalism > Juvenile films. Biodiversity conservation > Juvenile films. Recycling (Waste, etc.) > Juvenile films. |
| Genre: | Children's films. Animated films. |
Search for related items by series
| LDR | 02541cgm a2200529Ka 4500 | ||
|---|---|---|---|
| 001 | 102876 | ||
| 003 | LARL_NWRL_CONSORTIUM | ||
| 005 | 20090330020338.0 | ||
| 007 | vd cvaizq | ||
| 008 | 081104s2009 cau050 j vaeng d | ||
| 020 | . | ‡a9781597532228 | |
| 020 | . | ‡a0788890832 | |
| 020 | . | ‡a9780788890833 | |
| 024 | 1 | . | ‡a786936771824 |
| 028 | 4 | 2. | ‡a058103 ‡bDisney |
| 035 | . | ‡a(OCoLC)268875780 | |
| 082 | 0 | 4. | ‡a333.7/2 ‡222 |
| 245 | 0 | 0. | ‡aSchool house rock! ‡pEarth ‡h[DVD/videorecording] / ‡cABC Studios. |
| 246 | 3 | 0. | ‡aEarth |
| 246 | 3 | . | ‡aEarth rock |
| 246 | 3 | . | ‡aSchool house rock, Earth |
| 260 | . | ‡aBurbank, CA : ‡bDistributed by Walt Disney Studios Home Entertainment, ‡c2009 | |
| 300 | . | ‡a1 videodisc (50 min.) : ‡bsd., col. ; ‡c4 3/4 in. | |
| 490 | 0 | . | ‡aSchoolhouse rock |
| 538 | . | ‡aDVD, widescreen (1.66:1) presentation, Dolby Digital 5.1 surround sound. | |
| 546 | . | ‡aEnglish or French dialog; subtitles for the deaf and hard of hearing. | |
| 500 | . | ‡aTitle from container. | |
| 500 | . | ‡aRelease date: Mar. 31, 2009. | |
| 520 | . | ‡aFeaturing classic characters as Interplanet Jane and Mr. Morton, this collection of 10 new cartoons focuses on ways to save the environment, like water conservation and biodiversity. Songs include: Solar Power To The People, The Rainforest, and more. | |
| 650 | 0. | ‡aEnvironmentalism ‡vJuvenile films. | |
| 650 | 0. | ‡aBiodiversity conservation ‡vJuvenile films. | |
| 650 | 0. | ‡aRecycling (Waste, etc.) ‡vJuvenile films. | |
| 655 | 0. | ‡aChildren's films. ‡0(LARL_NWRL_CONSORTIUM)175624 | |
| 655 | 0. | ‡aAnimated films. ‡0(LARL_NWRL_CONSORTIUM)175704 | |
| 901 | . | ‡a102876 ‡bOCLC ‡c102876 ‡tbiblio | |

Add to basket
Permalink
Disable Highlighting